00859nam a22002771a 4500001000800000005001700008008004100025010001300066020001500079020001500094035000300109040001800112050001300130050002400143082002700167100002100194245011300215250001200328260002800340300005800368500002000426504003200446650003300478650005200511700001800563288319420110718132434.0860305s1985 enkam b 001 0 eng  a86126567 a0340586451 a0340586451  aDLCcDLCdDLC00aRYH 911500aPE1074.7b.T78 198500aPE 1074.7.T78 19822191 aTrudgill, Peter.10aInternational English :ba guide to varieties of standard English /cPeter Trudgill and Jean Hannah.h[Text] a2nd ed. aLondonbE. Arnoldc1985 axv,130 p. : ill. ; 22 cm. + 1 sound cassette (analog) aIncludes index. aBibliography: p. [117]-120. 0aCommunication, International 0aEnglish languagexVariationzForeign countries.1 aHannah, Jean.